000
00295nam a2200121Ia 4500
008
191201s2008 xx 000 0 und d
100
_a
STRONG, Terence
245
0
_a
Sons of Heaven
260
_a
United kingdom
_b
Coxswyman Ltd
_c
2008
300
_a
514
650
_a
General Books
942
_2
ddc
_c
BK
999
_c
4385
_d
4385